000 00636nam a2200205Ii 4500
003 JO-AjNU
008 230606s9999||||xx |||||||||||||| ||und||
020 _a978-0-13-266119-3
040 _aJO-AjNU
_beng
_erda
_cJO-AjNU
041 _aeng
050 1 4 _aTA684.S24.2009
100 3 _aSalmon, Charles/John johnson,
_eauthor
_94180
245 0 0 _aSteel structures design and behavior
264 3 1 _aLondon :pearson , 2017
300 _a878p
336 _atext
_btxt
_2rdacontent
337 _aunmediated
_bn
_2rdamedia
338 _avolume
_bnc
_2rdacarrier
650 4 _athe proceedings of the 2002 international arab conference
_94181
999 _aE2175
_c2173
_d2173